00441nam a2200133 i 4500001000300000245008500003260002100088700002900109040000800138041000800146080001400154008004100168856009800209bg 0aEncyklopedia organizacji i zarządzania /c[kom. red. Leszek Pasieczny et al.]. aWarszawa,c1982.1 aPasieczny, Leszek.eRed. cBPK apol a65.01(03) s pl f |000 0 pol  uhttp://koha.tu.koszalin.pl/cgi-bin/koha/opac-detail.pl?biblionumber=20731yKatalog online BPK